00540nam a22001937a 45000010005000000030008000050050017000130080041000300350018000710400035000890410008001240820024001321000020001562450076001762500012002522600039002643000035003036500008003388732BD-RjUL20211208234635.0140119s1971 xxu||||| |||| 00| 0 eng d a(BD-RjUL)8777 aBD-RjULbengcBD-RjULdBD-RjUL aeng04221a347.2bBIC 19711 aBindra's, N. S. aConveying draftsman and interpretation of deeds /cN. S. Bindra's.pV-2 a5th ed. aAllahabad :bLaw publishers,c1971 axxviii, 1029-2152 p. ;c25 cm. alaw